| 000 | 01406cam a2200169 4500500 | ||
|---|---|---|---|
| 005 | 20260329002820.0 | ||
| 041 | _afre | ||
| 042 | _adc | ||
| 100 | 1 | 0 |
_aBarnaud, Ludivine _eauthor |
| 700 | 1 | 0 |
_aRicroch, Layla _eauthor |
| 245 | 0 | 0 | _aMarginal Tax Rates: What Changes since 1998? |
| 260 | _c2005. | ||
| 500 | _a17 | ||
| 520 | _aThe reduction in the distortions to trade launched in 1992 and 1999 led the EU’s Common Agricultural Policy (CAP) to systematize the uncoupling of agricultural subsidies from agricultural production. This analysis focuses on the price effect and makes it possible to assess the expected advantages to society by means of model simulations under an assumption of constant European budgetary expenditure. Depending on the level of the uncoupling premium offered in substitution for existing subsidies, we note a change in the numbers of “losers” and “winners,” their location, and variation in surpluses, with the benefit to producers and taxpayers unchanged at €1.8 billion for the 15-member EU compared with Agenda 2000. This amount would be €0.8 billion in the case of partial uncoupling similar to that contained in the 2003 Luxembourg Agreement. | ||
| 786 | 0 | _nEconomie & prévision | o 167 | 1 | 2005-03-01 | p. 127-132 | 0249-4744 | |
| 856 | 4 | 1 | _uhttps://shs.cairn.info/journal-economie-et-prevision-1-2005-1-page-127?lang=en&redirect-ssocas=7080 |
| 999 |
_c1818690 _d1818690 |
||